000
00310nam a2200121Ia 4500
008
190216s9999||||xx |||||||||||||| ||und||
100
_a
Subrahmanyanan. N And Brijlal
245
0
_a
Fundamentals Of Physics
260
_b
S Chand & Co
_c
1990
300
_a
790p
650
_a
Fundamentals Of Physics
942
_c
BK
999
_c
33206
_d
33206